000 00273nam a2200121Ia 4500
008 190216s9999||||xx |||||||||||||| ||und||
100 _aHarold Robbins
245 0 _aTycoon
260 _bSimon And Schuster
_c1997
300 _a416p
650 _aEnglish Novel
942 _cBK
999 _c14015
_d14015